Best seller /

Guardado en:
Autor Principal: Fontanarrosa, Roberto
Formato: Libro
Publicado: Buenos Aires : Planeta, 2013
Series:Bibliotreca Fontanarrosa
Materias:
Etiquetas: Agregar Etiqueta
Sin Etiquetas, Sea el primero en etiquetar este registro!
LEADER 00971nam a22002415a 4500
001 CEM.cems014185
008 130507s2013##################000#0#####d
005 20220302180850.0
003 CEMS
245 1 0 |a Best seller /  |c Roberto Fontanarrosa 
260 |a Buenos Aires :  |b Planeta,  |c 2013 
300 |a 256 p. 
490 0 |a Bibliotreca Fontanarrosa 
500 |a Best Seller, un aventurero internacional sirio, deberá pagar con su propia vida un error cometido en un negocio que no admite errores: el tráfico de armas. Seducir a una bella e inaccesible mujer, la preferida de uno de los jerarcas más poderosos de la tierra, es la única salida 
020 |a 9789504936718 
100 1 |a Fontanarrosa, Roberto 
082 0 4 |a A863.4 
653 |a Literatura 
653 |a Literatura argentina 
653 |a Novela 
653 |a Humor 
859 |a CEMS  |b BIB. CEMS - 11 de abril  |h A863.4  |i F734-2  |p 26752.13  |t Ej.1 
859 |a CEMS  |b BIB. CEMS - 11 de abril  |h A863.4  |i F734-2  |p 29209.22  |t Ej.2